Independent compliance auditing for registered social landlords (Record no. 112389)

MARC details
000 -LEADER
fixed length control field 01200cad a22002295a 4500
001 - CONTROL NUMBER
control field E153131
008 - FIXED-LENGTH DATA ELEMENTS--GENERAL INFORMATION
fixed length control field 110613s2008 xxk f 000 0 eng d
020 ## - INTERNATIONAL STANDARD BOOK NUMBER
International Standard Book Number 9781842194218
035 ## - SYSTEM CONTROL NUMBER
System control number (Sirsi) u153131
041 0# - LANGUAGE CODE
Language code of text/sound track or separate title eng
110 2# - MAIN ENTRY--CORPORATE NAME
Corporate name or jurisdiction name as entry element Royal Institution of Chartered Surveyors
9 (RLIN) 4900
245 00 - TITLE STATEMENT
Title Independent compliance auditing for registered social landlords
Remainder of title a guide to Housing Corporation procedures, RICS guidance note
Medium [electronic resource]
260 ## - PUBLICATION, DISTRIBUTION, ETC.
Place of publication, distribution, etc. Coventry
Name of publisher, distributor, etc. RICS
Date of publication, distribution, etc. 2008
300 ## - PHYSICAL DESCRIPTION
Extent iv, 16p.
Dimensions 30cm.
490 #0 - SERIES STATEMENT
Series statement RICS Guidance Note
520 ## - SUMMARY, ETC.
Summary, etc. Out of date, archived 13/04/2015.
520 ## - SUMMARY, ETC.
Summary, etc. Explains the best practice procedures for individuals or firms carrying out the independent audit function as required by the Housing Corporation for all registered social landlords as part of their Partnering Programme Agreement.
651 #4 - SUBJECT ADDED ENTRY--GEOGRAPHIC NAME
Geographic name England and Wales
Chronological subdivision 1543-
690 ## - LOCAL SUBJECT ADDED ENTRY--TOPICAL TERM (OCLC, RLIN)
Topical term or geographic name as entry element PROPERTY-RESIDENTIAL PROPERTY-DOMESTIC RESIDENTIAL PROPERTY-HOUSING
856 41 - ELECTRONIC LOCATION AND ACCESS
Uniform Resource Identifier <a href="https://www.rics.org/Global/Downloads/Independent_compliance_auditing_for_Registered_Social_Landlords_1st_edition_PGguidance_2008.pdf">https://www.rics.org/Global/Downloads/Independent_compliance_auditing_for_Registered_Social_Landlords_1st_edition_PGguidance_2008.pdf</a>
Public note View the guidance free of charge (members only) at www.rics.org
942 ## - ADDED ENTRY ELEMENTS (KOHA)
Suppress in OPAC 0
Holdings
Withdrawn status Lost status Source of classification or shelving scheme Damaged status Not for loan Home library Current library Shelving location Date acquired Total Checkouts Full call number Barcode Date last seen Copy number Price effective from Koha item type
    Dewey Decimal Classification     London London RICS Boxes 13/06/2011   RICS 2008/67 30076977 06/08/2019 1 06/08/2019 Archive
    Dewey Decimal Classification     London London RICS Boxes 17/04/2015   RICS 2008/67 30078796 06/08/2019 2 06/08/2019 Book
    Dewey Decimal Classification     London London RICS Boxes 17/04/2015   RICS 2008/67 30078800 06/08/2019 3 06/08/2019 Book
    Dewey Decimal Classification     Virtual Virtual Online 13/06/2011   ONLINE PUBLICATION 153131-3001 06/08/2019 1 06/08/2019 Book